000 00375nam a2200157Ia 4500
008 151213s9999 xx 000 0 und d
100 _aHalima Khatun
245 _aThe Rest of The Time
_cHalima Khatun
250 _a1st
260 _aDhaka
_bPragha Labobni
_c1997
300 _a4305 p.
650 _aEnglish
650 _aPoets
700 _aHalima Khatun
999 _c2719
_d2719